Fr. Conceicao Rodrigues College of Engineering

Applied Mathematics-II (Record no. 32933)

MARC details
000 -LEADER
fixed length control field 00320nam a2200157Ia 4500
082 ## - DEWEY DECIMAL CLASSIFICATION NUMBER
Classification number 519-076
100 ## - MAIN ENTRY--PERSONAL NAME
Personal name Thanekar/ Pankaj
245 ## - TITLE STATEMENT
Title Applied Mathematics-II
260 ## - PUBLICATION, DISTRIBUTION, ETC.
Name of publisher, distributor, etc. Students Pub
Place of publication, distribution, etc. Mumbai
300 ## - PHYSICAL DESCRIPTION
Extent 249
490 ## - SERIES STATEMENT
Volume/sequential designation 2
546 ## - LANGUAGE NOTE
Language note ENGLISH
654 ## - SUBJECT ADDED ENTRY--FACETED TOPICAL TERMS
Focus term mathematics II
942 ## - ADDED ENTRY ELEMENTS (KOHA)
Koha item type BOOK
Holdings
Withdrawn status Lost status Damaged status Not for loan Collection Home library Current library Date acquired Total Checkouts Full call number Barcode Date last seen Price effective from Koha item type
        CRC Fr. Agnel's C.Rodrigues College of Engineering Fr. Agnel's C.Rodrigues College of Engineering 17/03/2023   519-076 10650 17/03/2023 17/03/2023 BOOK